Katharina Grosse : Wunderbild /

Main Author: Grosse, Katharina, 1961-
Corporate Author: Veletržní palác (Praha, Česko)
Other Authors: Budak, Adam, 1966-, Humphrey, Richard, Power, Susan
Language: English
Published: In Prague : National Gallery, 2018
Subjects:
Physical Description: 166 stran : ilustrace (převážně barevné) ; 32 cm
Book
Saved in:
LEADER 02226nam a2200589 i 4500
001 nkc20182982208
003 CZ PrNK
005 20180413173742.0
007 ta
008 180228s2018 xr a e c 000 0deng
015 |a cnb002982208 
020 |a 978-80-7035-672-2  |q (vázáno) 
035 |a (OCoLC)1035445344 
040 |a BOA001  |b cze  |e rda 
041 1 |a eng  |h fre  |h ger 
043 |a e-gx--- 
045 |a y-y- 
072 7 |a 72/76  |x Výtvarné umění  |2 Konspekt  |9 21 
080 |a 72/76(430)  |2 MRF 
080 |a 7.038.55  |2 MRF 
080 |a (430)  |2 MRF 
080 |a (083.824)  |2 MRF 
100 1 |a Grosse, Katharina,  |d 1961-  |7 mzk2018986403  |4 art 
245 1 0 |a Katharina Grosse :  |b Wunderbild /  |c Adam Budak (ed.) ; translation from German: Richard Humphrey ; translation from French: Susan Power 
246 3 0 |a Wunderbild 
264 1 |a In Prague :  |b National Gallery,  |c 2018 
300 |a 166 stran :  |b ilustrace (převážně barevné) ;  |c 32 cm 
336 |a text  |b txt  |2 rdacontent 
336 |a statický obraz  |b sti  |2 rdacontent 
337 |a bez média  |b n  |2 rdamedia 
338 |a svazek  |b nc  |2 rdacarrier 
500 |a Vydáno při příležitosti výstavy ve Veletržním paláci NG v Praze, 16.2.2018-16.1.2019 
500 |a Životopisná data a přehled výstav 
504 |a Obsahuje bibliografické odkazy 
600 1 7 |a Grosse, Katharina,  |d 1961-  |7 mzk2018986403  |2 czenas 
648 7 |a 21. století  |7 ch460559  |2 czenas 
650 0 7 |a německé výtvarné umění  |7 ph123525  |y 21. století  |2 czenas 
650 0 7 |a instalace (umění)  |7 ph121119  |z Německo  |2 czenas 
650 0 9 |a German art  |y 21st century  |2 eczenas 
650 0 9 |a installations (art)  |z Germany  |2 eczenas 
655 7 |a katalogy výstav  |7 fd132536  |2 czenas 
655 9 |a exhibition catalogs  |2 eczenas 
700 1 |a Budak, Adam,  |d 1966-  |7 xx0203012  |4 edt 
700 1 |a Humphrey, Richard  |7 mub2016916389  |4 trl 
700 1 |a Power, Susan  |4 trl 
710 2 |a Veletržní palác (Praha, Česko)  |7 kn20050509008  |4 orm 
910 2 |a BOA001  |b 4-1404.461 
928 9 |a Národní galerie v Praze 
990 |a BK 
995 |a 01 
991 |b 201804  |c NOV 
996 6 |b 2610737508  |c 4-1404.461  |l MZK  |r Sklad / do 1 hodiny  |n 0  |p p.v.  |w 001656378  |u 000010  |a 1  |e BOA001  |j MZK50  |s P